| 000 | 00792nas a2200253 4500 | ||
|---|---|---|---|
| 001 | BR6600043 | ||
| 003 | BR-BrBNA | ||
| 005 | 20231205082222.0 | ||
| 007 | ta | ||
| 008 | 230509b bl.|||p| |||| 00| 00por d | ||
| 040 |
_aBR-BrBNA _bpor _cBiblioteca Nacional de Agricultura |
||
| 041 | _a(Pt) | ||
| 072 | _aQ10 | ||
| 100 | 1 | _aTango, J.S. | |
| 245 | 1 | _aSemente do algodao. Residuo da extracao do oleo de caroco de algodao [Gossypium spp] | |
| 650 | _aTecnologia de alimento | ||
| 650 | _aAlgodao | ||
| 650 | _aSemente | ||
| 650 | _aOleo vegetal | ||
| 650 | _aIndustria alimenticia | ||
| 773 | 0 |
_tBoletim do Centro Tropical de Pesquisas e Tecnologia de Alimentos (Brazil) _x _g(Aug 1966), (no. 7) p. 25-32 _wBR6600043 |
|
| 909 |
_a202311 _bLúcia _c55 _dLúcia Elande |
||
| 942 |
_2AGRIS _n0 _cANA |
||
| 999 |
_c90062 _d90062 |
||